[Event "Baku Chess Olympiad | Open"]
[Site "chess24.com"]
[Date "2016.09.03"]
[Round "2.1"]
[White "Ali, Muhammad Lutfi"]
[Black "Adams, Michael"]
[Result "*"]
[WhiteElo "2411"]
[BlackElo "2738"]
[PlyCount "297"]
[EventDate "2016.??.??"]
[WhiteTeam "Indonesia"]
[BlackTeam "England"]
[WhiteTeamCountry "INA"]
[BlackTeamCountry "ENG"]
[WhiteClock "0:00:43"]
[BlackClock "0:00:52"]

1. e4 e5 2. Nf3 Nc6 3. Bb5 a6 4. Ba4 Nf6 5. O-O Be7 6. Re1 b5 7. Bb3 d6 8. c3
O-O 9. h3 Nb8 10. d4 Nbd7 11. Nbd2 Bb7 12. Bc2 Re8 13. Nf1 Bf8 14. Ng3 g6 15.
a4 c5 16. d5 c4 17. Bg5 Bg7 18. Qd2 Nc5 19. Ra3 Qc7 20. Rea1 Reb8 21. axb5 axb5
22. Rxa8 Rxa8 23. Rxa8+ Bxa8 24. Bh6 Bh8 25. Kh2 Bb7 26. Nh4 Bc8 27. Qe3 Bg7
28. Bxg7 Kxg7 29. Nhf5+ Bxf5 30. Nxf5+ Kg8 31. Nh6+ Kf8 32. Qf3 Kg7 33. Ng4
Nxg4+ 34. Qxg4 Qb6 35. Qe2 Qa5 36. Qe1 Qa2 37. Qc1 Nd3 38. Bxd3 cxd3 39. Qd1
Qxb2 40. Qxd3 Qxf2 41. Qxb5 Qf4+ 42. Kh1 Qc1+ 43. Kh2 Qf4+ 44. Kh1 Qc1+ 45. Kh2
Qxc3 46. Qd7 Qb4 47. Qd8 h5 48. Kh1 Qxe4 49. Qxd6 Qd4 50. Qd8 e4 51. d6 Qa1+
52. Kh2 Qe5+ 53. Kh1 e3 54. Qe7 Qe6 55. Qxe6 fxe6 56. d7 e2 57. d8=Q e1=Q+ 58.
Kh2 Qe5+ 59. g3 Qc5 60. h4 Kf7 61. Qd7+ Qe7 62. Qc6 e5 63. Qc4+ Qe6 64. Qc7+
Kf6 65. Qd8+ Qe7 66. Qh8+ Ke6 67. Qc8+ Qd7 68. Qg8+ Kf5 69. Qf8+ Kg4 70. Qf2
Qc6 71. Qd2 Kf5 72. Qf2+ Ke6 73. Qa2+ Qd5 74. Qa6+ Qd6 75. Qc4+ Kf6 76. Qe4
Qd2+ 77. Kh3 Qd4 78. Qc6+ Kf7 79. Qb7+ Ke6 80. Qc6+ Qd6 81. Qe4 Kf7 82. Kh2
Qd2+ 83. Kh3 Qd7+ 84. Kh2 Qf5 85. Qb7+ Kf6 86. Qc6+ Qe6 87. Qf3+ Kg7 88. Qe4
Qf5 89. Qb7+ Qf7 90. Qb2 Qd5 91. Qc3 Kf6 92. Qb2 Kf5 93. Qc1 Kf6 94. Qg5+ Kf7
95. Qe3 Ke6 96. Qc1 Kd7 97. Qh6 Qa2+ 98. Kh3 Qe6+ 99. Kg2 Qc6+ 100. Kh2 Qc2+
101. Kh3 Ke6 102. Qh8 Qc6 103. Qg8+ Kf5 104. Qf8+ Ke4 105. Qb4+ Kd5 106. Qb3+
Kd6 107. Qa3+ Kd7 108. Qa7+ Kc8 109. Qa1 e4 110. Qh8+ Kc7 111. Qe5+ Kb6 112.
Qb2+ Kc5 113. Kh2 Qd5 114. Qc3+ Kb5 115. Qb2+ Kc6 116. Qc3+ Qc5 117. Qf6+ Qd6
118. Qc3+ Kd5 119. Qb3+ Ke5 120. Qc3+ Kf5 121. Qc8+ Kf6 122. Qh8+ Ke6 123. Qe8+
Kd5 124. Qa8+ Qc6 125. Qa2+ Qc4 126. Qa5+ Kd4 127. Qd2+ Qd3 128. Qb2+ Ke3 129.
Qb6+ Kd2 130. Qxg6 e3 131. Qg5 Ke1 132. Qe5 Qe2+ 133. Kg1 Qf2+ 134. Kh1 Qf3+
135. Kh2 Kf2 136. Qb2+ Qe2 137. Qb7 Qd2 138. Qe4 Ke1+ 139. Kh3 Qd7+ 140. Kg2
Qd2+ 141. Kh3 e2 142. Kg2 Qb2 143. Qd5 Qc3 144. Qd6 Qb3 145. Qd4 Qb7+ 146. Kg1
Qb3 147. Kg2 Qa3 148. Qd5 Qc3 149. Qd6 *